LEADER 01109nam0-22003491i-450- 001 990007847880403321 005 20040527114738.0 010 $a88-348-3329-5 035 $a000784788 035 $aFED01000784788 035 $a(Aleph)000784788FED01 035 $a000784788 100 $a20040108d2003----km-y0itay50------ba 101 0 $aita 102 $aIT 105 $ay-------001yy 200 1 $a<>relazioni internazionali dell' Unione europea dopo i Trattati di Amsterdam e Nizza$fa cura di Gianni Bonvicini e Gian Luigi Tosato$gcon contributi di R. Basso...[et al.] 210 $aTorino$cGiappichelli$dc2003 215 $aVIII, 263 p.$d24 cm 676 $a327.4$v20$zita 702 1$aBasso,$bRiccardo 702 1$aBonvicini,$bGianni 702 1$aTosato,$bGian Luigi 801 0$aIT$bUNINA$gRICA$2UNIMARC 901 $aBK 912 $a990007847880403321 952 $aA-X-166$b12613$fDDRC 952 $aXV A 243$b5781$fDDCIC 959 $aDDRC 959 $aDDCIC 996 $aRelazioni internazionali dell' Unione europea dopo i Trattati di Amsterdam e Nizza$9671750 997 $aUNINA LEADER 01003nam0-2200325---450- 001 990009797570403321 005 20140402130007.0 035 $a000979757 035 $aFED01000979757 035 $a(Aleph)000979757FED01 035 $a000979757 100 $a20131129f1964----km-y0itay50------ba 101 0 $aeng 102 $aGB 105 $aaf------001yy 200 1 $aLiving architecture: Egiptian$ftext by Jean-Louis de Cenival$gphotographs by Henri Stierlin$gpreface by Marcel Breuer 210 $aLondon$cOldbourne$d[1964] 215 $a192 p., 47 c. di tav.$cill.$d21 cm 610 0 $aArchitettura egiziana 676 $a722.2$v22$zita 700 1$aCenival,$bJean-Louis : de$036372 702 1$aBreuer,$bMarcel$f<1902-1981> 702 1$aStierlin,$bHenri$f<1928- > 801 0$aIT$bUNINA$gRICA$2UNIMARC 901 $aBK 912 $a990009797570403321 952 $a722.2 CEN 1$bbibl. 59663$fFLFBC 959 $aFLFBC 996 $aLiving architecture: Egiptian$9837221 997 $aUNINA